| 000 | 00393nam a2200145Ia 4500 | ||
|---|---|---|---|
| 005 | 20250218012512.0 | ||
| 008 | 240331s9999 xx 000 0 und d | ||
| 082 |
_bMAH _a954 |
||
| 245 | 4 |
_aThe Mahavamsa : _bchapters XI-XVI |
|
| 260 |
_aColombo _bM.D.Gunasena & Co. Ltd _c1950 |
||
| 300 | _a79 p ., | ||
| 500 | _aThe Inauguration of Devanampiyatissa | ||
| 700 |
_aPerera, T.M. _eedt |
||
| 942 | _cL | ||
| 999 |
_c3491 _d3491 |
||